• 首页
  • 本馆介绍
  • 公告通知
  • 最新文献
  • 馆藏检索
  • 电子资源
  • 读者导购
  • 参考咨询
  • 我的图书馆
  • 登录
  • 详细信息显示
  • 放入我的书架
  • 预约/预借图书
  • 作者相关作品
  • 分类相关作品
  • 丛书相关作品
  • 出版社相关作品

书目信息

  • 表格格式
  • 工作单格式
  • 卡片格式
题名:
钱庄史
    
 
作者: 陈明光 著
分册:  
出版信息: 上海   上海文艺出版社  1997
页数: 217页, [4]页彩图
开本: 19cm
丛书名: 中国社会民俗史丛书
单 册:
中图分类: F832.37
科图分类:
主题词: 钱庄--历史--中国
电子资源:
ISBN: 7-5321-1675-1
000 00703nam0 2200253 45
001 CAL 012000600312
005 20031219104057.8
010    @a7-5321-1675-1@b精装@dCNY13.70
100    @a19981021d1997 efmy0chiy0120 ea
101 0  @achi
102    @aCN@b310000
105    @af a 000yy
106    @ar
200 1  @a钱庄史@Aqian zhuang shi@f陈明光著
210    @a上海@c上海文艺出版社@d1997
215    @a217页, [4]页彩图@d19cm
225 2  @a中国社会民俗史丛书
320    @a书目: 第216-217页
410  0 @12001 @a中国社会民俗史丛书
606    @a钱庄@x历史@y中国
690    @aF832.37@v3
701  0 @a陈明光@Achen ming guang@4著
801    @aCN@bTSTC@c20010924
905    @b314733-735@dF832.37@e18@f3
    
    钱庄史/陈明光著.-上海:上海文艺出版社,1997
    217页, [4]页彩图;19cm.-(中国社会民俗史丛书)
    
    
    ISBN 7-5321-1675-1(精装):CNY13.70
    
●
相关链接 在E读中查询图书 在五车中查询图书 在当当中查询图书 在豆瓣中查询图书


正题名:钱庄史     索取号:F832.37/18         预约/预借

序号 登录号 条形码 馆藏地/架位号 状态 备注
1 0314733   203147335   第一借阅区/ [索取号:F832.37/18] 在馆    
2 0314734   203147344   第一借阅区/ [索取号:F832.37/18] 在馆    
3 0314735   203147353   第一样本阅览室/ [索取号:F832.37/18] 在馆    
唐山师范学院图书馆 欢迎您!
大连网信软件有限公司© 版权所有